| 000 | 00466nam a2200145 4500 | ||
|---|---|---|---|
| 001 | 120790 | ||
| 003 | ES-MaACL | ||
| 005 | 20230906191625.0 | ||
| 007 | t| | ||
| 008 | 070214s1940 gw r ||||1| ger d | ||
| 245 | 0 | 0 |
_aPolnische Dokumente zur Vorgeschichte des Krieges _b: erste Folge : herausgegeben im Auftrage des Auswartigen Amtes. |
| 260 |
_aBerlin : _bZentralverlag der NSDAP, _c1940. |
||
| 300 |
_a63 p. ; _c20 cm. |
||
| 852 |
_aES-MaACL _j1700-F-26 _bR.19193 |
||
| 999 |
_c120790 _d120790 |
||